000 00620nab a2200181 4500
001 244442
003 OSt
005 20251001083345.0
007 tu
008 200917s2020|||||||
040 _aDE-2950
_cDE-2950
245 0 0 _aVorbereitungen auf die Gaudi
_bParty. Das größte Oktoberfest der Region steht in Neuberesinchen in den Startlöchern. So läuft der Aufbau des Zeltes und das wird ab Freitag geboten/
_cThomas Meiler
264 _c2025
653 _aFrankfurt (Oder)
653 _aOktoberfest
773 0 _g36. Jahrgang (2025) Nr. 224 vom 25.09.2025, S. 15 mit Fotos
_tMärkische Oderzeitung
942 _2z
_cA
999 _c374034
_d374034